000 00672nam a2200205 i 4500
001 146512
003 ES-MaACL
005 20230906201550.0
007 t|
008 070911s1973 sp |||| | spa d
100 1 _aTortella Casares, Gabriel.
_9111078
245 1 4 _aLos orígenes del capitalismo en España
_b: banca, industria, y ferrocarriles en el siglo XIX /
_cGabriel Tortella Casares.
250 _a1ª ed.
260 _aMadrid :
_bTecnos,
_c1973.
300 _aXXII, 407 p. ;
_c24 cm.
650 0 4 _aBancos-
_zEspaña-
_yS.XIX.
_910490
651 4 _aEspaña-
_xSituación económica-
_yS.XIX.
_98504
852 _aES-MaACL
_jC-49264
852 _aES-MaACL
_jA-8817
999 _c146512
_d146512